01383nam a22002297a 4500003000400000005001700004008004100021020001800062040001300080082001300093100004000106245005900146260004400205300003200249500061600281586001800897651002200915651002400937942001500961999001700976952016000993OSt20230822144619.0230717b ||||| |||| 00| 0 spa d a9788401334061 cCO-MqBPB aANbVAZt aVázquez Figueroa, Alberto/d1936- a Todos somos culpables / cAlberto Vázquez Figueroa. a Barcelona: bPlaza & Janés,c2001. a301 p.:bTapa Dura,c24 cm. aUna amenaza de muerte, el robo de documentos y de un cuadro de incalculable valor, la muerte misteriosa de varios colaboradores, actos de sabotaje en varios proyectos en construcción... El propietario de la gran empresa multinacional que está sufriendo estos atentados tiene que averiguar a cualquier precio quién estás detrás de ellos. Pero descubrir al culpable no es lo mismo que descubrir al responsable último de esta conspiración... Y la investigación nos llevará a todos a replantearnos nuestra propia responsabilidad en el mundo actual, signado por la globalización y el terrorismo.  aPremio Nadal  aNovela española aNovela policíaca  2ddccBKLIT c14942d14942 00102ddc40708LAaBPMOSbBPMOScFICd2023-07-17eDonación 2023l1oAN VAZtpMOS503214r2025-11-18s2025-11-13tEj. 1w2023-07-17yBKLITzQuince días